Service charge guide (Record no. 120586)

MARC details
000 -LEADER
fixed length control field 00958cai a22001815a 4500
001 - CONTROL NUMBER
control field L137197
008 - FIXED-LENGTH DATA ELEMENTS--GENERAL INFORMATION
fixed length control field 070322u xxk g 000 0 eng d
035 ## - SYSTEM CONTROL NUMBER
System control number (Sirsi) u137197
041 0# - LANGUAGE CODE
Language code of text/sound track or separate title eng
110 2# - MAIN ENTRY--CORPORATE NAME
Corporate name or jurisdiction name as entry element Royal Institution of Chartered Surveyors
Subordinate unit Construction Faculty
9 (RLIN) 4214
245 00 - TITLE STATEMENT
Title Service charge guide
Medium [electronic resource]
520 ## - SUMMARY, ETC.
Summary, etc. Official RICS code of practice regarding service charges. Provides information regarding management, administration, communications, transparency, service standards and provision, and value for money. Provides details of RICS' alternative dispute resolution service for parties involved in disputes about service charge matters.
590 ## - LOCAL NOTE (RLIN)
Local note KA
651 #4 - SUBJECT ADDED ENTRY--GEOGRAPHIC NAME
Geographic name United Kingdom
Chronological subdivision
690 ## - LOCAL SUBJECT ADDED ENTRY--TOPICAL TERM (OCLC, RLIN)
Topical term or geographic name as entry element PROPERTY-COMMERCIAL PROPERTY-COMMERCIAL LANDLORD AND TENANT-COMMERCIAL SERVICE CHARGES
856 40 - ELECTRONIC LOCATION AND ACCESS
Uniform Resource Identifier <a href="https://www.servicechargecode.co.uk/">https://www.servicechargecode.co.uk/</a>
Public note View the item free of charge at www.servicechargecode.co.uk...
942 ## - ADDED ENTRY ELEMENTS (KOHA)
Suppress in OPAC 0
Holdings
Withdrawn status Lost status Source of classification or shelving scheme Damaged status Not for loan Home library Current library Shelving location Date acquired Total Checkouts Full call number Barcode Date last seen Copy number Price effective from Koha item type
    Dewey Decimal Classification     Virtual Virtual Online 22/03/2007   ONLINE PUBLICATION 137197-1001 06/08/2019 1 06/08/2019 Book